000 01038nas a2200325 4500
001 BR9102526
003 BR-BrBNA
005 20231205092020.0
007 ta
008 230509b bl.|||p| |||| 00| 00por d
040 _aBR-BrBNA
_bpor
_cBiblioteca Nacional de Agricultura
041 _a(En)
072 _aF04
100 1 _aCouto, W.
100 1 _aLeite, G.G.
100 1 _aSanzonowicz, C.
245 1 _aResponse of andropogon grass to P fertilizers and lime in a dark-red latosol of the cerrados
246 1 _aResponse of andropogon grass to P fertilizers and lime in a dark-red latosol of the cerrados
650 _aCAPIM ANDROPOGON
650 _aFERTILIZANTE FOSFATADO
650 _aCALCARIO
650 _aADUBACAO
650 _aCALAGEM
650 _aSOLO ACIDO
650 _aLATOSSOLO VERMELHO ESCURO
650 _aCERRADO
773 0 _tPesquisa Agropecuaria Brasileira (Brazil)
_xISSN 0100-204X
_g(Mar 1991), v. 26(3) p. 297-304
_wBR9102526
909 _a202311
_bLúcia
_c55
_dLúcia Elande
942 _2AGRIS
_n0
_cANA
999 _c128710
_d128710